Свербеева Мария Вячеславовна /теща/. О разных семейных и хозяйственных делах. Приложен черновой набросок плана имения и телеграм...

Доступно только в Электронных читальных залах Найти на картеНа карте
RUSMARC
00004899nac2a22003133x 450
0014c4e171c-de39-4b0f-9d45-5e0421d9cf7c
00520211209093618.0
100##$a20211120l19071911k y0rusy50 ca
1010#$arus
102##$aRU
105##$ay z |||||
1222#$ad19071231
$ad19111231
2001#$aСвербеева Мария Вячеславовна /теща/. О разных семейных и хозяйственных делах. Приложен черновой набросок плана имения и телеграмма - Доманину
$j1907-1911
215##$a38 листов
251##$cДело
300##$aЗаголовок дела на папке: Письма и телеграммы Свербеевой Марии Вячеславовны (теща Александра Ивановича Звегинцева) - Звегинцеву Александру Ивановичу. (О разных семейных и хозяйственных делах. Приложен черновик плана какого-то имения и одна телеграмма в адрес Доманина)
300##$aВ деле имеются документы без дат
300##$aЛисты: 1-2, 7, 8, 15, 38 - телеграммы; 3, 4, 6, 9 - открытки почтовые; 26 - рисунок
300##$aРукописный и машинописный текст
330##$aВходит в раздел описи: 1. Письма к А. И. Звегинцову. 1/ Личная переписка
461#0$1001fc48e33c-c630-4015-85dd-2f2aab656f45
$12001
$aЗвегинцев Александр Иванович, помещик Воронежской губернии, депутат III Государственной думы, член партии "Союз 17 октября"
$1251
$cФонд
$1852
$j932
462#0$1001ddcf82e7-7bd9-4c5e-b7f1-85df8b3febb3
$12001
$aДела постоянного хранения. 1899-1913 гг.
$vД. 11
$1251
$cОпись
$1852
$j1
5171#$aПисьма и телеграммы Свербеевой Марии Вячеславовны (теща Александра Ивановича Звегинцева) - Звегинцеву Александру Ивановичу. (О разных семейных и хозяйственных делах. Приложен черновик плана какого-то имения и одна телеграмма в адрес Доманина)
600#1$aЗвегинцев
$bА. И.
$gАлександр Иванович
600#1$aСвербеева
$bМ. В.
$gМария Вячеславовна
600#1$aДоманин
801#0$aRU
$bGA_RF
801#1$aRU
$bГлавНИВЦ
$c20211120
$2rusmarc
801#2$aRU
$bПБ им. Б.Н. Ельцина
$c20211209
$gRCR
$2rusmarc
852##$aГА РФ
$j11
937##$d171315311
$hГАРФ
035##$aRuPRLIB51061939
856##$uhttp://readingroom.main.prlib.ru/item.aspx?id_node=n171315311&mode=full
Формат отображения